000 00927nam a22002537a 4500
005 20170124102941.0
010 _aB-076898
020 _c100.00
_a818537743
035 _aB-076898
037 _bCen Lib/Ret
040 _aDPL
_bHN
082 _a821
_bगौतम
100 _aगौतम, कैलाश
_97558
245 _aसर पर आग /
_cकैलाश गौतम
246 _aSir par aag
_bby kailash Gautam
260 _aइलाहबाद
_bआशु प्रकाशन
_c2002
270 _bइलाहबाद
_e211002
_a1143/31, पुराना कटरा
300 _a104पृ.
_c21सेमी (सजिल्द)
650 _aहिन्दी साहित्य
_948278
650 _aकविता संग्रह
_97
650 _aHindi literature
_948279
650 _aPoetry Collection
_948280
942 _2ddc
_cHN
_h821
_mगौतम
999 _c112582
_d112582